[Event "XX Sants Open 2018"]
[Site "Cotxeres de Sants"]
[Date "2018.08.25"]
[Round "9"]
[White "Heimann, Andreas"]
[Black "Pulvett Marin, Daniel Eduardo"]
[Result "1-0"]
[WhiteElo "2590"]
[BlackElo "2465"]
[Annotator "TA"]
[PlyCount "60"]
[EventDate "2018.08.17"]
[EventType "swiss"]
[EventCountry "ESP"]
[SourceTitle "playchess.com"]
[Source "ChessBase"]
[SourceQuality "1"]

{[%evp 19,60,-22,-6,-11,0,0,0,0,10,4,28,0,0,0,0,-12,-12,-12,-12,-32,-22,-35,-41,-30,17,-99,-103,-108,-112,-104,-112,-99,-97,-114,-121,-181,-109,-112,0,-180,0,-117,0]} 1. Nf3 Nf6 2. c4 e6 3. g3 d5 4. Bg2 d4 5. O-O c5 6. d3 Nc6 7. e3 {A09: Réti Opening: 1 Nf3 d5 2 c4} Be7 8. exd4 cxd4 9. Re1 (9. b3 O-O 10. Na3 e5 11. Nc2 Nd7 12. a3 a5 13. Rb1 Nc5 14. b4 axb4 15. axb4 Na4 16. Bd2 {0-1 (47) Wei,Y (2739)-Karjakin,S (2760) Medias 2017}) 9... O-O 10. a3 a5 $1 {LiveBook: 11 Games} 11. Bg5 Nd7 12. Bxe7 Qxe7 13. Nbd2 {[#]} e5 $146 ({Predecessor:} 13... Rd8 14. Rc1 a4 {0-1 (64) Abhishek,K (2378)-Sengupta,D (2586) New Delhi 2018}) 14. Qe2 f6 15. Nb3 {Threatens to win with Nfxd4!} Qd8 16. Nh4 {Bd5+ is the strong threat.} g6 17. f4 a4 18. Nd2 exf4 19. gxf4 Nc5 20. Ne4 Ne6 {And now ...f5 would win.} 21. Qf2 Ra5 22. Nd2 (22. f5 $11 gxf5 23. Nxf5) 22... g5 $17 23. b4 {aiming for Bxc6.} axb3 $1 24. Nxb3 Nxf4 25. Nxa5 Qxa5 26. Qg3 Ne5 {[%mdl 1024] Black has strong compensation.} 27. Bf1 (27. Bd5+ $17 Kh8 28. Ng2 Nfxd3 29. Rf1) 27... Nh5 ({Black should play} 27... Bd7 $1 $19 28. Nf3 Nxf3+ 29. Qxf3 Bc6) 28. Qg2 {[#]} Nf4 (28... Bd7 $1 $17 {[%cal Rd7c6] Strongly threatening ...Bc6.} 29. Nf3 Nf4) 29. Qg3 $19 {[#]} Nh5 (29... Bd7 $1 $19 {White must now prevent ...Bc6.} 30. Nf3 Nxf3+ 31. Qxf3 Bc6) 30. Qg2 $17 Nf4 {[%mdl 32768] Precision: White = 44%, Black = 58%. . Loss on Time!?} (30... Qc7 $17 31. Nf3 Nf4) 1-0

[Event "XX Sants Open 2018"]
[Site "Cotxeres de Sants"]
[Date "2018.08.25"]
[Round "9"]
[White "Svetushkin, Dmitry"]
[Black "Sochacki, Christophe"]
[Result "0-1"]
[WhiteElo "2580"]
[BlackElo "2455"]
[Annotator "TA"]
[PlyCount "80"]
[EventDate "2018.08.17"]
[EventType "swiss"]
[EventCountry "ESP"]
[SourceTitle "playchess.com"]
[Source "ChessBase"]
[SourceQuality "1"]

{[%evp 18,80,-23,-26,-17,-28,-28,-24,0,0,13,0,0,0,22,1,18,20,14,17,23,23,25,18,24,25,27,21,35,40,46,22,21,-249,-247,-623,-632,-631,-626,-626,-625,-720,-478,-475,-472,-435,-253,-466,-472,-678,-562,-648,-648,-653,-654,-604,0,-224,0,-598,-588,-598,-583,-12830,-12823]} 1. e4 e5 2. Nf3 Nf6 {[%cal Bg8f6,Bf6e4,Be4c5][%mdl 32]} 3. d4 Nxe4 4. Bd3 d5 5. dxe5 Nc5 6. Nc3 {C43: Petroff Defence: 3 d4} (6. O-O c6 7. Be3 Nxd3 8. Qxd3 Be7 9. c4 dxc4 10. Qxc4 O-O 11. Nc3 Be6 12. Qf4 Nd7 13. Qg3 Kh8 14. Rad1 {0-1 (35) Predke,A (2601)-Fedoseev,V (2718) Moscow 2017}) 6... c6 7. O-O Be7 8. Re1 O-O 9. Nd4 Nxd3 10. Qxd3 {LiveBook: 4 Games} Na6 11. Qg3 Bh4 12. Qf3 Bg5 $146 ({Predecessor:} 12... Qd7 13. Bf4 Qg4 14. Qxg4 Bxg4 {½-½ (32) Tiits,T (2560)-Koesebay,O (2519) ICCF email 2009}) 13. Nce2 Nc5 14. Qh5 Bxc1 15. Raxc1 f6 16. Ng3 {next e6 is good for White.} g6 17. Qh6 fxe5 18. Rxe5 Qf6 19. Nf3 Ne6 {[%cal Bc5e6,Be6f4,Bf4g2][%mdl 32]} 20. Rce1 Bd7 21. h4 Rae8 22. Qe3 a6 23. Qb6 Rb8 24. c4 Nf4 $1 {[%cal Rf4g2] Strongly threatening ...Nxg2!} 25. Re7 $2 {[%mdl 8192] [#]} (25. Qe3 $11 {and White is okay.}) 25... Nxg2 $1 $19 {[%mdl 512]} 26. Rxd7 $2 (26. Kxg2 Qxf3+ 27. Kh2 Qxf2+ 28. Qxf2 Rxf2+ 29. Kg1) 26... Nxe1 ({But not} 26... Qxf3 $2 27. Ree7 $18) 27. Nxe1 Qe6 28. Rc7 Qxe1+ 29. Kg2 {[#] Black must now prevent Qd4.} Rf6 30. cxd5 {intending Qd4.} Rbf8 {[%cal Rf6f2]} 31. Qxb7 {White wants to mate with Rg7+.} Rxf2+ 32. Kh3 {Rg7+ would kill now.} Qe5 33. Re7 (33. Qxc6 $142 Qxb2 34. Qc3) 33... Qd4 {Threatens to win with ...R2f3.} 34. dxc6 h5 {[%csl Gh5][%cal Rd4g4]} 35. Qb3+ R8f7 {[%csl Gh5][%cal Rd4g4]} (35... Kh8 $2 36. Qc3 $19) 36. Qb8+ Rf8 $2 (36... Kg7 {[%csl Gh5][%cal Rd4g4]} 37. Rxf7+ Rxf7) 37. Qb3+ R8f7 $2 (37... Kh8 {[%csl Gh5][%cal Rd4g4]} 38. Qc3 Qxc3 39. bxc3 Rc2) 38. Qb8+ Kg7 {[%csl Gh5][%cal Rd4g4] Black is clearly winning.} 39. Rxf7+ Rxf7 40. c7 Qd7+ {Precision: White = 45%, Black = 60%.} 0-1

[Event "XX Sants Open 2018"]
[Site "Cotxeres de Sants"]
[Date "2018.08.25"]
[Round "9"]
[White "Moussard, Jules"]
[Black "Peralta, Fernando"]
[Result "1-0"]
[WhiteElo "2566"]
[BlackElo "2556"]
[Annotator "TA"]
[PlyCount "123"]
[EventDate "2018.08.17"]
[EventType "swiss"]
[EventCountry "ESP"]
[SourceTitle "playchess.com"]
[Source "ChessBase"]
[SourceQuality "1"]

{[%evp 19,123,0,6,-21,0,-5,35,23,30,25,32,32,22,29,44,40,46,17,57,58,58,56,66,63,68,43,37,34,32,35,29,29,33,37,36,13,16,12,14,8,22,4,4,4,5,0,7,6,72,69,70,30,33,23,39,39,75,62,69,11,13,11,27,32,37,32,27,32,54,54,54,54,54,54,55,55,349,338,335,327,264,283,258,242,245,189,376,372,362,340,347,331,351,277,1271,1265,1253,1256,1170,1168,1239,1089,1494,1450,6079,6079]} 1. e4 c6 2. d4 d5 3. Nc3 dxe4 4. Nxe4 Bf5 5. Qf3 e6 6. Ne2 {B18: Classical Caro-Kann: 4...Bf5 sidelines} Nd7 7. c3 Ngf6 8. N4g3 Bg6 9. Nf4 Bd6 10. Nxg6 hxg6 {LiveBook: 3 Games} 11. Be2 $146 ({Predecessor:} 11. Bd3 Qc7 12. Bg5 O-O 13. O-O-O Qa5 14. h4 c5 15. Kb1 cxd4 16. cxd4 Rfc8 {1-0 (32) Tiviakov,S (2652)-Houska,J (2401) Guernsey 2013}) 11... Qc7 12. Bg5 Nd5 13. Ne4 Bf4 14. g3 {[%cal Rg5f4]} Bxg5 15. Nxg5 N7f6 16. h4 Nh7 17. Ne4 Nhf6 18. Nc5 Nd7 19. Nd3 Qa5 {Black wants to play ...Nxc3!} 20. Kf1 N5f6 21. Kg2 O-O 22. a4 Rfe8 23. Rhe1 e5 {[#] White must now prevent ...e4.} 24. b4 Qc7 25. dxe5 Nxe5 26. Nxe5 Rxe5 27. Bd3 Rae8 28. Rxe5 Qxe5 29. Rc1 a5 30. b5 Qc5 31. bxc6 bxc6 32. Rc2 Re1 33. Rb2 Re8 (33... Rc1 $11) 34. Rb7 $16 Rd8 35. Bc2 (35. Be4 $5) 35... Rd7 36. Rb8+ Kh7 37. Bb3 Qd6 38. Rc8 (38. Rb6 {feels hotter.} Qd2 39. Rxc6 Rd3 40. Qf4 Qxf4 41. gxf4 Nh5 42. Bxf7 Nxf4+ 43. Kg1) 38... Rc7 39. Rxc7 (39. Ra8 $1 $14) 39... Qxc7 $11 40. Qd3 Kh8 41. Qc4 Kg8 $1 42. Qc5 Ne4 43. Qd4 Nd6 44. Qe5 c5 45. Bd5 Kf8 46. Qe2 Nc8 47. Qa6 Nb6 $2 {[%mdl 8192] [#]} (47... Ke7 $14) 48. Qxa5 $18 Nxd5 49. Qa8+ Ke7 50. Qxd5 {[%mdl 4096] Endgame KQ-KQ} Qa5 51. Qc4 f5 52. Kf3 Qa8+ $2 (52... Kf6 {was called for.} 53. Ke3 g5 54. hxg5+ Kxg5 55. Qf4+ Kf6) 53. Ke3 Kd6 54. f3 Qe8+ 55. Kd2 Qa8 56. Kc2 Qe8 $2 (56... Qa7 57. Qd3+ Ke7) 57. Qa6+ {White is clearly winning.} Kc7 58. Qa5+ Kd6 59. Qb6+ Kd5 60. Qb5 Qe7 61. a5 Qe3 62. Qd3+ {Precision: White = 75%, Black = 44%.} 1-0

[Event "XX Sants Open 2018"]
[Site "Cotxeres de Sants"]
[Date "2018.08.25"]
[Round "9"]
[White "Volkov, Sergey"]
[Black "Gledura, Benjamin"]
[Result "1-0"]
[WhiteElo "2557"]
[BlackElo "2626"]
[Annotator "TA"]
[PlyCount "111"]
[EventDate "2018.08.17"]
[EventType "swiss"]
[EventCountry "ESP"]
[SourceTitle "playchess.com"]
[Source "ChessBase"]
[SourceQuality "1"]

{[%evp 27,111,0,37,31,39,33,21,22,110,106,117,118,162,1,3,0,10,10,6,4,8,15,10,13,25,25,10,10,37,29,24,21,32,0,22,14,17,13,15,8,9,18,18,8,19,11,14,0,17,19,28,28,91,45,45,45,45,45,404,382,1074,1000,1372,1306,12834,12835,12835,8904,12840,12837,12841,12841,12841,12842,12846,12847,12849,12847,12849,12848,12849,12847,12848,12847,12848,12847]} 1. d4 Nf6 2. c4 g6 3. Nc3 d5 4. Nf3 Bg7 5. Qb3 dxc4 6. Qxc4 O-O 7. e4 Na6 8. Be2 c5 9. d5 e6 10. O-O exd5 11. exd5 Re8 12. Rd1 Bf5 13. d6 h6 {D97: Grünfeld: Russian System: 7 e4, replies other than 7...Bg4} 14. Be3 Qb6 {LiveBook: 3 Games} (14... Ng4 15. Bf4 Bxc3 16. bxc3 Re4 17. Qb5 Rxf4 18. Qxb7 Ra4 19. d7 Be4 20. Qb3 Bc6 21. Rd6 Bxd7 22. Rad1 Qb8 23. Rxd7 Qxb3 24. axb3 Ra2 25. Bc4 Rf8 26. R7d6 Kg7 27. Rxa6 Rxf2 28. Re1 {1-0 (28) Anand,V (2797)-Aronian,L (2777) Zuerich 2015 CBM 165 [Roiz,M]}) 15. Qb3 $146 ({Predecessor:} 15. Na4 Qb4 16. Qxb4 Nxb4 17. Nxc5 Nc2 18. Rac1 b6 19. Nb3 Rad8 20. Nbd4 Nxe3 21. fxe3 Rxd6 22. Nxf5 Rxd1+ 23. Bxd1 gxf5 {1-0 (56) Checa,N (2349)-Shmeliov,D (2411) Manchester 2015}) 15... Rad8 {White is slightly better.} 16. Bc4 Be6 17. Ne5 {Black must now prevent Nb5.} Bxc4 (17... Ne4 $11 18. Nxe4 Bxe5) 18. Nxc4 $16 Qxb3 19. axb3 Rd7 20. Rxa6 $2 {[#]} ({Better is} 20. Nb5 $18) 20... bxa6 $11 21. Bxc5 Ne4 22. Nxe4 Rxe4 23. Kf1 f5 24. f3 Re8 25. b4 Rc8 26. Ra1 Rc6 27. Ke2 Kf7 28. Kd3 {[%mdl 1024] White has compensation.} Ke6 29. Re1+ Kf7 30. Ra1 Ke6 31. f4 Bf6 32. g3 Kf7 33. h3 h5 34. Ra2 Ke6 35. b3 Kf7 36. Ke3 Ke6 37. Kf3 Kf7 38. g4 hxg4+ 39. hxg4 Rd8 (39... fxg4+ $11 40. Kxg4 Rc8) 40. Bxa7 Rdxd6 41. Nxd6+ Rxd6 $16 {[%mdl 4096] Endgame KRB-KRB} 42. g5 Bd4 $2 {[%mdl 8192] [#]} (42... Bc3 $14) 43. Bc5 $18 Bxc5 $2 (43... Rd8 44. Rxa6 Rd5 45. Ra7+ Kg8) 44. bxc5 {KR-KR. White is clearly winning.} Rd3+ 45. Ke2 Rxb3 46. Rxa6 Rb4 47. Rf6+ Ke7 48. Ke3 Rb3+ 49. Kd4 Rb4+ 50. Kd5 Rxf4 51. Rxg6 Rf1 52. Re6+ Kd7 53. c6+ Kc7 54. Re7+ Kb6 55. Rb7+ Ka6 56. Rb8 {Precision: White = 71%, Black = 36%.} 1-0

[Event "XX Sants Open 2018"]
[Site "Cotxeres de Sants"]
[Date "2018.08.25"]
[Round "9"]
[White "Keymer, Vincent"]
[Black "Veinberg, Nimrod"]
[Result "1-0"]
[WhiteElo "2493"]
[BlackElo "2389"]
[Annotator "TA"]
[PlyCount "97"]
[EventDate "2018.08.17"]
[EventType "swiss"]
[EventCountry "ESP"]
[SourceTitle "playchess.com"]
[Source "ChessBase"]
[SourceQuality "1"]

{[%evp 26,97,14,0,12,0,10,0,0,0,0,0,0,-40,-30,-85,-90,-88,-55,-62,-64,-62,-55,-49,-62,-87,-31,-65,-75,-56,-73,-114,-54,-65,-52,-57,-26,-63,-40,-74,-80,-62,-77,-77,-16,-56,-51,-62,-20,-44,-18,-77,-27,-23,-20,-20,-23,-14,-22,-25,-22,-10,-14,-47,-61,-110,0,0,0,0,0,0,29994,29995]} 1. d4 Nf6 2. c4 e6 3. Nf3 d5 4. Nc3 c6 5. e3 Nbd7 6. Qc2 Bd6 7. Bd3 dxc4 8. Bxc4 O-O 9. O-O Qe7 10. h3 e5 11. Bb3 Bc7 12. Bd2 {D46: Damengambit (Halbslawisch)} a5 13. a3 h6 14. Nh4 {LiveBook: 6 Partien. Die Stellung ist ausgeglichen.} Re8 15. Nf5 Qd8 $146 ({Vorgänger:} 15... Qf8 16. Rae1 e4 17. f3 g6 18. fxe4 gxf5 19. Rxf5 {½-½ (55) Shariyazdanov,A (2612)-Saleh,N (2258) Dubai 2000}) 16. Rad1 {Schwarz muss nun Le1 beachten.} exd4 17. Ne2 d3 18. Qxd3 Nc5 19. Qxd8 (19. Nxh6+ {is more complex.} Kf8 20. Qc2 Qd6 21. Ng3 Nxb3 22. Bb4) 19... Rxd8 20. Nfd4 (20. Bc2 $11) 20... Nxb3 $17 21. Nxb3 Bf5 22. Ned4 Bg6 23. a4 Bb6 {[#] zielt auf ...c5 ab.} 24. Rc1 Ne4 25. Bc3 Rd5 (25... Rd7 $17) 26. f3 Nxc3 27. bxc3 c5 28. Ne2 Re5 (28... Bc7 $17 29. Rfe1 b6) 29. e4 $15 f5 30. Nd2 $1 {[%cal Rd2c4] Schwarz sollte Sc4 verhindern.} c4+ ({Ein No Go ist} 30... fxe4 $6 31. Nc4 $14) 31. Kh1 Bf7 32. f4 Re7 33. e5 Be3 34. Rcd1 Bd5 ({Lieber} 34... Rd8 $17 35. Nf3 Rd3) 35. Nf3 Be4 36. Nfd4 g6 37. Kh2 $1 Rd7 38. Nb5 (38. g4 $11) 38... Rxd1 39. Rxd1 Bd3 40. g3 Bxe2 41. Re1 Bf3 42. Rxe3 $11 {[%mdl 4096] Endspiel KTL-KTS} Bd1 43. Nd6 Bxa4 44. Nxc4 {Und weiter mit Sb6 wäre nett.} Bb3 45. Nd6 {[#]} a4 (45... Kf8 $1 $17 46. Re1 a4) 46. e6 $1 {Droht stark c4.} a3 47. e7 Bf7 {...a2 ist eine echte Drohung.} 48. Re1 Ra6 $2 {[%mdl 8192]} (48... a2 $11 49. Ra1 g5) 49. Nxf7 {Precision: Weiß = 40%, Schwarz = 49%.} 1-0

[Event "XX Sants Open 2018"]
[Site "Cotxeres de Sants"]
[Date "2018.08.25"]
[Round "9"]
[White "Anurag, Mhamal"]
[Black "Swiercz, Dariusz"]
[Result "1-0"]
[WhiteElo "2484"]
[BlackElo "2669"]
[Annotator "TA"]
[PlyCount "147"]
[EventDate "2018.08.17"]
[EventType "swiss"]
[EventCountry "ESP"]
[SourceTitle "playchess.com"]
[Source "ChessBase"]
[SourceQuality "1"]

{[%evp 26,147,16,18,22,12,6,7,25,0,0,0,0,0,0,-16,-10,-6,0,0,0,-8,18,2,30,44,33,0,25,27,35,0,0,0,0,0,0,0,0,0,56,58,73,98,73,81,72,16,7,13,68,0,243,243,249,230,231,154,147,147,127,146,136,124,124,124,124,124,124,125,238,229,364,384,260,183,183,136,136,136,136,133,223,93,96,98,103,111,249,249,249,249,249,249,2690,249,1259,249,29971,29972,29972,29973,29973,29974,29973,29975,29972,29976,29976,29978,29978,29979,29979,29980,29975,29981,29981,29982,29986,29987,29987,29988,29988,29989]} 1. d4 Nf6 2. c4 g6 3. g3 c6 4. Bg2 d5 5. cxd5 cxd5 6. Nf3 Bg7 7. O-O O-O 8. Ne5 e6 9. Nc3 Nfd7 10. f4 Nc6 11. Be3 Nb6 12. Bf2 Ne7 13. b3 {D79: Fianchetto Grünfeld: Symmetrical Variation (6 0-0 c6 7 cxd5 cxd5)} (13. e4 dxe4 14. Nxe4 Nbd5 15. Nc3 b6 16. Nxd5 Nxd5 17. Rc1 Bb7 18. Qa4 Qe7 19. Rc2 Rfc8 20. Rfc1 Rxc2 21. Rxc2 {1-0 (28) Ding,L (2777)-Ivanchuk,V (2726) Huaian 2017}) 13... Bd7 14. Rc1 {LiveBook: 7 Games} Be8 {[#]} 15. Qd2 $146 {The position is equal.} ({Predecessor:} 15. g4 Nbc8 16. e3 Nd6 17. Bh4 f6 18. Nd3 Rc8 19. Rf2 b6 20. Rfc2 h6 21. Bg3 {½-½ (21) Kharitonov,A (2536)-Rodshtein,M (2616) Cappelle-la-Grande 2013}) 15... Nbc8 16. e4 Nb6 17. a4 dxe4 18. Nxe4 Nbd5 19. Nc5 b6 20. Na6 f6 21. Nd3 Qd6 22. Rfe1 Rd8 23. Bh3 Bd7 24. b4 Nf5 25. b5 Rfe8 26. Qa2 Bf8 27. Bg2 Bc8 28. Rc6 (28. Bxd5 $5 Qxd5 29. Qxd5 exd5 30. Rxe8 Rxe8 31. Nc7 $14) 28... Qd7 {[#] Hoping for ...Bxa6.} 29. Bxd5 exd5 30. Rxe8 Qxe8 31. Nc7 $1 {[%cal Rc7e8]} Qf7 32. Nxd5 $1 Qxd5 (32... Rxd5 $11 33. Rxc8 Nxd4) 33. Qxd5+ $14 Rxd5 34. Rxc8 Nxd4 {[#] White must now prevent ...Nf3+.} 35. Nb4 $1 {[%cal Rb4d5]} Rd7 36. Na6 (36. Nc6 $16 Nb3 37. a5 bxa5 38. Nxa7 (38. Bxa7 Rb7 $16)) 36... Ne6 $1 $11 37. Ra8 Rb7 ({Better is} 37... f5 $11) 38. a5 (38. Nb4 $1 $14) 38... bxa5 $2 (38... Kf7 $1 $11 39. axb6 axb6) 39. Nc5 $1 $18 {[%cal Rc5e6]} Nxc5 40. Bxc5 Rf7 41. Bxf8 Rxf8 42. Rxa7 {[%mdl 4096] Endgame KR-KR} Rb8 43. Rxa5 Kf7 44. Kf2 Ke6 45. Kf3 f5 46. Kg2 Rc8 47. Ra2 Rc4 (47... Rb8 $16 {keeps fighting.}) 48. Rb2 Kd7 (48... Rc7 {was worth a try.} 49. Kh3 Kf7) 49. b6 {[%cal Bb5b6,Bb6b7][%mdl 32] Strongly threatening b7.} Kc8 50. b7+ Kb8 51. Kh3 Rc6 52. Kh4 h6 53. Rb4 Re6 54. g4 (54. h3 $18 {and White stays clearly on top.}) 54... fxg4 $16 55. Kxg4 Rc6 56. Rb5 Rc4 (56... Rc1 $16 57. Rb6 Rg1+ 58. Kf3 h5) 57. Rb6 $18 g5 58. Rxh6 gxf4 59. Rh7 Rb4 $2 (59... f3+ 60. Kxf3 Rc3+ 61. Kf4 Rc4+ 62. Kf5 Rc1) 60. h4 $2 (60. Rf7 f3+ 61. Kxf3) 60... Rb1 $2 (60... f3+ 61. Kxf3 Rc4) 61. Kxf4 $2 (61. Rf7 Rg1+ 62. Kf3) 61... Rh1 $2 (61... Rb4+ $18 62. Kf5 Rb5+ 63. Ke6 Rb6+ 64. Ke5 Rb5+ 65. Ke6 Rb6+ 66. Kd5 Rb1) 62. Kg5 {White mates.} Rg1+ 63. Kh6 Rc1 64. Rf7 Rc6+ 65. Kg7 Rc5 66. Kg6 Rc6+ 67. Rf6 Rc1 68. h5 Rg1+ 69. Kf7 Rh1 70. h6 Kxb7 71. Kg7 Kc7 72. h7 Rg1+ 73. Rg6 Rh1 74. h8=Q {Precision: White = 55%, Black = 46%.} 1-0

[Event "XX Sants Open 2018"]
[Site "Cotxeres de Sants"]
[Date "2018.08.25"]
[Round "9"]
[White "Aguero Jimenez, Luis Lazaro"]
[Black "Petrov, Nikita"]
[Result "0-1"]
[WhiteElo "2482"]
[BlackElo "2591"]
[Annotator "TA"]
[PlyCount "84"]
[EventDate "2018.08.17"]
[EventType "swiss"]
[EventCountry "ESP"]
[SourceTitle "playchess.com"]
[Source "ChessBase"]
[SourceQuality "1"]

{[%evp 18,84,11,4,11,0,1,1,25,0,2,13,17,12,4,0,7,6,8,-4,0,-19,-15,-17,-25,-4,0,-190,-188,-203,-195,-204,-203,-193,-198,-250,-251,-254,-253,-293,-293,-421,-421,-364,-413,-395,-399,-426,-416,-417,-421,-498,-498,-688,-678,-660,-662,-1145,-1055,-1082,-844,-789,0,-1062,-1063,-1968,-1789,-1789,-1650]} 1. e4 e5 2. Nf3 Nc6 3. Bb5 {[%cal Bf1b5,Bb5a4,Ba4b3][%mdl 32]} a6 4. Ba4 b5 5. Bb3 g6 6. d4 {C70: Ruy Lopez: 3...a6 4 Ba4, Norwegian and Delayed Schliemann} exd4 7. c3 (7. Nxd4 Na5 8. O-O Bg7 9. Re1 Ne7 10. e5 O-O 11. Bg5 c5 12. Bd5 Rb8 13. Nb3 Nxb3 14. axb3 {0-1 (31) Kramnik,V (2792)-Mamedyarov,S (2808) Paris 2018}) 7... Bg7 8. cxd4 Nge7 9. d5 Na5 10. Bc2 {LiveBook: 6 Games} d6 11. Nc3 O-O 12. O-O b4 13. Ne2 Bg4 14. Ng3 $146 ({Predecessor:} 14. Nf4 Nc4 15. Rb1 Ne5 16. Bd2 {0-1 (39) Persl,B (2062)-Subelj,J (2127) Slovenia 2017}) 14... Nc4 15. h3 Bxf3 16. Qxf3 c6 17. Bb3 Nb6 18. Bg5 cxd5 19. Rab1 {[%cal Re4d5]} h6 20. Bf6 dxe4 21. Nxe4 d5 $36 {[%mdl 2048] Black fights for an advantage.} 22. Bxg7 $2 (22. Qd3 $11 {and White is okay.}) 22... dxe4 $19 23. Qxe4 Kxg7 24. Rfd1 Qc7 25. Rbc1 Qa7 26. Qf4 {[#]} (26. Qxb4 $142 Rac8 27. Qd4+ f6 28. Be6 Rxc1 29. Rxc1) 26... Rac8 $1 27. Rxc8 Nbxc8 28. Rd8 {And now Rxf8 would win.} Nf5 ({Worse is} 28... Rxd8 29. Qxf7+ Kh8 30. Qf6+ Kh7 31. Qf7+ Kh8 32. Qf6+ Kh7 33. Qf7+ Kh8 $11) 29. Qe5+ (29. Rxf8 $142 Kxf8 30. g4) 29... f6 30. Qd5 {[#] Threatens to win with Rxf8.} Rxd8 31. Qxd8 {[%csl Gb3][%cal Rd8g8]} Nfe7 32. g3 a5 33. Bc4 Qc5 34. b3 {intending Qe8.} Qe5 35. f4 Qe3+ 36. Kg2 h5 37. Kh2 Qf2+ 38. Kh1 Qf3+ 39. Kh2 Qf2+ 40. Kh1 Qxg3 {Black is clearly winning.} 41. Qe8 Qxh3+ 42. Kg1 Qe3+ {Precision: White = 53%, Black = 91%.} 0-1

[Event "XX Sants Open 2018"]
[Site "Cotxeres de Sants"]
[Date "2018.08.25"]
[Round "9"]
[White "Cruz, Jonathan"]
[Black "Esipenko, Andrey"]
[Result "0-1"]
[WhiteElo "2420"]
[BlackElo "2589"]
[Annotator "TA"]
[PlyCount "44"]
[EventDate "2018.08.17"]
[EventType "swiss"]
[EventCountry "ESP"]
[SourceTitle "playchess.com"]
[Source "ChessBase"]
[SourceQuality "1"]

{[%evp 19,44,13,5,3,4,-13,-15,-133,-129,-131,-147,-150,-82,-89,-80,-323,-324,-655,-643,-831,-816,-1120,-1149,-1143,-1107,-1294,-1278]} 1. e4 e5 2. Nf3 Nc6 3. Bb5 g6 4. c3 a6 5. Ba4 Bg7 6. d4 {C70: Ruy Lopez: 3...a6 4 Ba4, Norwegian and Delayed Schliemann} exd4 7. cxd4 b5 8. Bb3 (8. Bc2 d6 9. d5 Na5 10. O-O Nc4 11. Nc3 Ne7 12. Bd3 Nb6 13. a4 {0-1 (48) Caruana,F (2816)-Mamedyarov,S (2808) Leuven 2018}) 8... Nge7 9. Nc3 d6 10. h3 O-O {LiveBook: 9 Games} 11. Bg5 h6 12. Bh4 Na5 13. Nd5 $146 (13. Bc2 $11 {remains equal.}) ({Predecessor:} 13. O-O Nxb3 14. Qxb3 {0-1 (45) Smith,B (2466)-Brkic,A (2592) Zagreb 2011}) 13... g5 $17 {White must now prevent ...Nxd5.} 14. Bxg5 hxg5 15. Nxg5 {Qh5 would kill now.} Nf5 (15... Nxd5 $142 16. Qh5 Nf6 17. Bxf7+ Rxf7 18. Qxf7+ Kh8) 16. Qh5 {[%csl Gg5][%cal Rh5h7] [#]} Nh6 $1 17. Qg6 $2 (17. Bc2 $17) 17... Re8 $19 18. Qh7+ $2 (18. Qh5) 18... Kf8 {Black is clearly winning.} 19. Nxf7 Kxf7 ({Less strong is} 19... Nxf7 20. Nf4 $15) 20. Rc1 Nxb3 21. Rxc7+ Bd7 22. e5 Nxd4 0-1

[Event "XX Sants Open 2018"]
[Site "Cotxeres de Sants"]
[Date "2018.08.25"]
[Round "9"]
[White "Fernandez Cardoso, Alexey"]
[Black "Sviridov, Valery"]
[Result "0-1"]
[WhiteElo "2403"]
[BlackElo "2528"]
[Annotator "TA"]
[PlyCount "100"]
[EventDate "2018.08.17"]
[EventType "swiss"]
[EventCountry "ESP"]
[SourceTitle "playchess.com"]
[Source "ChessBase"]
[SourceQuality "1"]

{[%evp 19,100,15,27,18,27,14,22,15,37,12,21,14,14,0,0,0,40,60,22,23,45,34,202,193,174,38,53,-2,-31,-75,-71,-133,-154,-407,-409,-408,-408,-405,-398,-996,-481,-434,-428,-507,-530,-523,-347,-352,-347,-257,-328,-385,-354,-758,-724,-802,-907,-813,-718,-651,-651,-561,-267,-550,-550,-912,-904,-6818,-1326,-12845,-12845,-12845,-12846,-12846,-12847,-12847,-12847,-12848,-12847,-12849,-12849,-12850,-12850]} 1. e4 d6 2. d4 Nf6 3. Nc3 g6 4. f3 Bg7 5. Be3 c6 6. Qd2 b5 7. O-O-O Nbd7 8. Bh6 {B07: Pirc Defence: Miscellaneous Systems} Bxh6 9. Qxh6 b4 10. Nce2 e5 {LiveBook: 3 Games} (10... Qa5 11. Kb1 Nb6 12. Nc1 Na4 13. Nb3 Qc7 14. Nh3 Bxh3 15. Qxh3 a5 16. d5 {0-1 (32) Demchenko,A (2660)-Andriasian,Z (2585) Riadh 2017}) 11. h4 $146 ({Predecessor:} 11. g4 Ba6 12. h4 Qe7 13. h5 O-O-O 14. Qd2 d5 15. exd5 Nxd5 16. hxg6 fxg6 17. Nf4 Nb8 {½-½ (17) Murariu,A (2516)-Itkis,B (2447) Predeal 2006}) 11... Qe7 12. g4 a5 13. h5 Ba6 14. Nh3 a4 15. hxg6 fxg6 16. Kb1 a3 17. b3 $1 Bxe2 (17... d5 $5 {[%cal Rd5e4]} 18. Nf2 dxe4 $11) 18. Bxe2 exd4 $1 19. Qd2 O-O 20. Ng5 {[%mdl 1024] And now Bc4+ would win. White has compensation.} c5 $2 (20... Rfe8 $14) 21. Bc4+ $18 Kh8 {[#]} 22. Rh4 ({White has to play} 22. f4 $1 $18) 22... Ne5 $14 {[%cal Bd7e5,Be5g4,Bg4e3][%mdl 32] Threatens to win with ...Nxf3!} 23. Be2 (23. Bd3 $1 $14) 23... Rg8 $36 {[%mdl 2048] Black has some pressure.} 24. Rdh1 {[#]} Rg7 $1 25. R4h2 ({White should try} 25. Qf4) 25... Re8 $17 26. Nh3 $2 {[#]} (26. Bd3 $17 {was called for.}) 26... Nexg4 $1 $19 {[%mdl 512]} 27. Rg2 (27. fxg4 Nxe4) 27... Ne3 28. Rgg1 d5 29. exd5 $2 (29. Ng5) 29... Nfxd5 (29... d3 $142 30. Bxd3 Nfxd5) 30. Bd3 Qf6 31. Ng5 Nc3+ 32. Ka1 Ree7 33. Qh2 {aiming for Qb8+.} Qe5 34. f4 Qc7 35. Qf2 Ncd5 36. Nxh7 $2 (36. Nh3) 36... Rxh7 37. Bxg6 Qxf4 38. Bxh7 Rxh7 ({Inferior is} 38... Qxf2 39. Rg8#) 39. Rxh7+ Kxh7 40. Qe2 {Intending Qh5+ and mate.} Nf6 (40... Qe5 $142 41. Qd3+ Qf5 42. Qxf5+ Nxf5 43. Rh1+ Kg6) 41. Qa6 $2 (41. Qb5 {was forced.} Qe4 42. Qxc5 Nxc2+ 43. Kb1 Ne3+ 44. Ka1) 41... Neg4 {Black is clearly winning.} 42. Qa7+ Kg6 43. Qxc5 Qf2 {[%cal Rf2g1]} 44. Rc1 Ne3 {( -> ...d3!)} 45. Kb1 d3 46. Qxb4 d2 47. Qxa3 d1=Q 48. Rxd1 Qxc2+ 49. Ka1 Nxd1 50. b4 Nc3 {Precision: White = 29%, Black = 65%.} 0-1